| 000 | 00841nam a2200277 a 4500 | ||
|---|---|---|---|
| 001 | 000111027 | ||
| 003 | CHAP | ||
| 005 | 20220329144155.0 | ||
| 008 | 141125s1971 xxua |r| |||1|||spa d | ||
| 010 | _a107489 | ||
| 011 | _a108461 | ||
| 040 | _cCHAP | ||
| 082 | 0 | 4 |
_a960 _bD25 |
| 100 | 1 |
_aDavidson, Basil _9128815 |
|
| 245 | 1 | 0 |
_aReinos africanos / _cpor Basil Davidson. |
| 260 |
_aE.U.A. : _bTIME-LIFE International, _cc1971. |
||
| 300 |
_a191 p. : _bil. |
||
| 490 | 1 |
_aLas grandes épocas de la humanidad _pHistoria de las culturas mundiales |
|
| 590 |
_aE6096MTM _b05 _c20141125 _lUCH01 _h1449 |
||
| 650 | 1 | 4 |
_aAfrica _xHistoria _91038 |
| 650 | 1 | 4 |
_aAntropología _xInvestigación _96139 |
| 830 | 4 |
_aLas grandes épocas de la humanidad _pHistoria de las culturas mundiales _9128751 |
|
| 901 | _aBK | ||
| 942 | _cLIBRO | ||
| 942 | _n0 | ||
| 999 |
_c107489 _d107489 |
||